000 01738cam a22004814i 4500
003 PE-LiUPU
005 20250731165522.0
008 150623s r 000 0 d
035 _a(Sirsi) a27791
035 _a(Sirsi) a27791
040 _aPE-LiUPU
_bspa
_cPE-LiUPU
_erda
082 0 4 _a221.077
_bJP
_221
100 1 _aBerlin, Adele,
_eautor.
245 1 0 _aEsther :
_bthe traditional Hebrew text with the new JPS translation.
_n17 /
_cAdele Berlin.
264 1 _aPhiladelphia :
_bThe Jewish Publication Society,
_c2001.
300 _a110 páginas ;
_c26 cm.
336 _atext
_2rdacontent
337 _aunmediated
_2rdamedia
338 _avolume
_2rdacarrier
490 0 _aThe JPS Bible Comentary
505 0 _aIntroduction to the commentary: The book of Esther and its literary world. The commentary to Esther.
526 _aSEG44
526 _aSEG26
526 _aP151
526 _aP150
526 _aP149
526 _aP146
526 _aP145
526 _aP126
526 _aP125
526 _aP92
526 _aP75
526 _aP74
526 _aP27
526 _aP15
630 _aBiblia.
_pA.T.
_pEsther
_xComentarios.
942 _2ddc
_cBOOK
949 _aRC 221.077 JP 17
_wDEWEY
_c1
_i53165
_lRC
_mBUL
_p43.00
_r0
_sY
_tBOOK
_u2015-6-24
_xTEOLOGIA
_PP35
_0COMPRA
_o.CIRCNOTE. No olvidar cambiar la fecha de devolución!!!!!!!
_o.STAFF. Colección General
994 _aC0
_bPEPRU
596 _a1
999 _aRC 221.077 JP 17
_wDEWEY
_c34968
_i53165
_f2021-11-8
_g6
_lCCODEBUL1
_mBUL
_p43.00
_r1
_sY
_tBOOK
_u2015-6-24
_xTEOLOGIA
_PP35
_0COMPRA
_o.CIRCNOTE. No olvidar cambiar la fecha de devolución!!!!!!!
_o.STAFF. Colección General
_d34968
980 _81
_gALBERTO SANCHEZ Responsable de Automatización